[Event "37th Reykjavik op"]
[Site "Reykjavik ISL"]
[Date "2024.03.18"]
[Round "6.6"]
[White "Belenkaya, Dina"]
[Black "Carey, Michael"]
[WhiteElo "2164"]
[BlackElo "1880"]
[Result "1-0"]
[EventDate "2024.03.15"]
[PlyCount "69"]

1. d4 { [%eval 0.15] [%clk 1:21:30] } 1... Nf6 { [%eval 0.16] [%clk 1:30:48] } 2. c4 { [%eval 0.16] [%clk 1:21:50] } 2... c5?! { [%eval 0.93] } { Inaccuracy. e6 was best. } { [%clk 1:31:12] } (2... e6 3. Nf3 d5 4. Nc3 Bb4 5. cxd5 exd5 6. Bg5 h6 7. Bh4) 3. d5 { [%eval 0.65] [%clk 1:22:14] } 3... b5 { [%eval 0.83] [%clk 1:31:38] } 4. cxb5 { [%eval 0.8] [%clk 1:22:36] } 4... a6 { [%eval 0.6] [%clk 1:32:03] } 5. e3 { [%eval 0.13] [%clk 1:22:31] } 5... g6?! { [%eval 1.04] } { Inaccuracy. axb5 was best. } { [%clk 1:32:20] } (5... axb5 6. Bxb5 Bb7 7. Nc3 Qa5 8. Bd2 Qb6 9. a4 Nxd5 10. Nf3) 6. Nc3 { [%eval 0.81] [%clk 1:22:32] } 6... Bg7 { [%eval 0.91] [%clk 1:32:38] } 7. a4 { [%eval 0.62] [%clk 1:22:37] } 7... O-O { [%eval 0.64] [%clk 1:32:36] } 8. Bc4 { [%eval 0.46] [%clk 1:20:47] } 8... axb5 { [%eval 0.46] [%clk 1:31:37] } 9. Bxb5 { [%eval 0.45] [%clk 1:14:39] } 9... Bb7 { [%eval 0.72] [%clk 1:31:58] } 10. Nge2 { [%eval 0.53] [%clk 1:13:31] } 10... e6 { [%eval 0.65] [%clk 1:25:57] } 11. e4 { [%eval 0.64] [%clk 1:02:33] } 11... Na6 { [%eval 0.59] [%clk 1:20:56] } 12. O-O { [%eval 0.79] [%clk 1:02:12] } 12... exd5 { [%eval 0.52] [%clk 1:20:06] } 13. exd5 { [%eval 0.61] [%clk 1:01:10] } 13... Nc7 { [%eval 0.73] [%clk 1:18:07] } 14. Bc4 { [%eval 0.75] [%clk 1:00:18] } 14... Ba6 { [%eval 0.8] [%clk 1:16:47] } 15. Bxa6 { [%eval 0.79] [%clk 0:58:28] } 15... Rxa6 { [%eval 0.78] [%clk 1:16:04] } 16. Qd3 { [%eval 0.37] [%clk 0:44:58] } 16... Qa8 { [%eval 0.31] [%clk 1:13:58] } 17. Rd1 { [%eval 0.26] [%clk 0:35:32] } 17... d6 { [%eval 0.28] [%clk 1:13:55] } 18. Ng3 { [%eval 0.3] [%clk 0:32:11] } 18... Rb8 { [%eval 0.3] [%clk 1:07:33] } 19. Qf3 { [%eval 0.23] [%clk 0:28:22] } 19... Rb3 { [%eval 0.18] [%clk 0:59:06] } 20. Ra3 { [%eval -0.05] [%clk 0:23:24] } 20... Rb4 { [%eval 0.35] [%clk 0:54:18] } 21. h3 { [%eval 0.42] [%clk 0:22:28] } 21... Nd7 { [%eval 0.47] [%clk 0:50:15] } 22. Nge4 { [%eval 0.47] [%clk 0:19:18] } 22... Ne5 { [%eval 0.62] [%clk 0:45:11] } 23. Qe2 { [%eval 0.42] [%clk 0:18:59] } 23... h6 { [%eval 0.51] [%clk 0:37:42] } 24. Nb5 { [%eval 0.29] [%clk 0:14:16] } 24... Nxd5 { [%eval 0.3] [%clk 0:31:25] } 25. Nexd6 { [%eval 0.34] [%clk 0:12:17] } 25... Raxa4 { [%eval 0.25] [%clk 0:25:08] } 26. Bxh6 { [%eval 0.0] [%clk 0:08:40] } 26... Rxb2 { [%eval 0.35] [%clk 0:23:06] } 27. Qxb2 { [%eval 0.44] [%clk 0:01:24] } 27... Nf3+ { [%eval 0.32] [%clk 0:23:25] } 28. gxf3 { [%eval 0.36] [%clk 0:01:27] } 28... Bxb2 { [%eval 0.26] [%clk 0:23:46] } 29. Rxa4 { [%eval 0.39] [%clk 0:01:55] } 29... Qxa4 { [%eval 0.26] [%clk 0:23:48] } 30. Rxd5 { [%eval 0.42] [%clk 0:02:17] } 30... Qh4 { [%eval 0.43] [%clk 0:18:21] } 31. Be3 { [%eval 0.43] [%clk 0:00:34] } 31... c4?? { [%eval 3.94] } { Blunder. Qxh3 was best. } { [%clk 0:16:46] } (31... Qxh3 32. Nc4 Qxf3 33. Rd8+ Kh7 34. Nxb2 Qg4+ 35. Kf1 Qb4 36. Nd3 Qxb5 37. Bxc5 g5 38. Ke2) 32. Ne4?! { [%eval 2.56] } { Inaccuracy. Kg2 was best. } { [%clk 0:00:45] } (32. Kg2 f5 33. Rc5 Bg7 34. Rxc4 Qf6 35. h4 Kh7 36. Bg5 Qe5 37. Rc7 Kg8 38. Be3 Qb2) 32... Qxh3?! { [%eval 3.78] } { Inaccuracy. f5 was best. } { [%clk 0:14:37] } (32... f5 33. Nc5 Bf6 34. Kg2 c3 35. Ne6 Qa4 36. Rc5 c2 37. Ng5 Bxg5 38. Bxg5 Qb4 39. Rc8+) 33. Rd8+ { [%eval 4.3] [%clk 0:01:00] } 33... Kg7 { [%eval 4.14] } 34. Nbd6?? { [%eval 1.75] } { Blunder. Ng5 was best. } { [%clk 0:01:18] } (34. Ng5 Qh5 35. Nd6 Be5 36. Ne8+ Kh6 37. Nxf7+ Kh7 38. Ng5+ Kh6 39. Rd7 Qxg5+ 40. Bxg5+ Kxg5) 34... Qxf3?? { [%eval 6.42] } { Blunder. f6 was best. } { [%clk 0:11:14] } (34... f6 35. f4 Qg4+ 36. Kf1 Qd1+ 37. Kg2 Qg4+ 38. Ng3 Qe6 39. Nde4 Qc6 40. Rd6 Qa8 41. Kg1) 35. Ne8+ { [%eval 6.35] [%clk 0:01:36] } 1-0

[Event "37th Reykjavik op"]
[Site "Reykjavik ISL"]
[Date "2024.03.18"]
[Round "6.7"]
[White "Can, Emre"]
[Black "Tania, Sachdev"]
[WhiteElo "2551"]
[BlackElo "2393"]
[Result "1-0"]
[EventDate "2024.03.15"]
[PlyCount "83"]

1. e4 { [%eval 0.13] [%clk 1:29:27] } 1... c5 { [%eval 0.33] [%clk 1:30:56] } 2. Nf3 { [%eval 0.22] [%clk 1:29:50] } 2... e6 { [%eval 0.41] [%clk 1:31:23] } 3. d3 { [%eval 0.0] [%clk 1:30:12] } 3... Nc6 { [%eval 0.0] [%clk 1:30:57] } 4. g3 { [%eval 0.0] [%clk 1:28:32] } 4... d5 { [%eval 0.06] [%clk 1:31:18] } 5. Qe2 { [%eval 0.11] [%clk 1:28:53] } 5... Nf6 { [%eval 0.0] [%clk 1:29:02] } 6. Bg2 { [%eval 0.0] [%clk 1:29:12] } 6... Be7 { [%eval 0.03] [%clk 1:28:22] } 7. O-O { [%eval 0.0] [%clk 1:29:24] } 7... O-O { [%eval 0.0] [%clk 1:23:31] } 8. e5 { [%eval 0.09] [%clk 1:29:32] } 8... Nd7 { [%eval 0.17] [%clk 1:21:02] } 9. c4 { [%eval 0.09] [%clk 1:29:52] } 9... Re8 { [%eval 0.41] [%clk 1:11:58] } 10. Re1 { [%eval 0.33] [%clk 1:28:33] } 10... Nf8 { [%eval 0.45] [%clk 1:11:59] } 11. h4 { [%eval 0.35] [%clk 1:28:19] } 11... a6 { [%eval 0.34] [%clk 1:08:52] } 12. h5 { [%eval 0.11] [%clk 1:27:06] } 12... b5?! { [%eval 0.8] } { Inaccuracy. h6 was best. } { [%clk 1:05:33] } (12... h6 13. Nc3) 13. h6 { [%eval 0.89] [%clk 1:26:40] } 13... g6 { [%eval 0.78] [%clk 1:05:45] } 14. Nbd2 { [%eval 0.83] [%clk 1:22:42] } 14... Bb7 { [%eval 0.57] [%clk 1:04:04] } 15. Nf1 { [%eval 0.69] [%clk 1:22:26] } 15... Qc7 { [%eval 1.14] [%clk 1:02:51] } 16. N1h2 { [%eval 1.09] [%clk 1:22:04] } 16... Red8 { [%eval 1.15] [%clk 0:46:57] } 17. Ng4 { [%eval 0.69] [%clk 1:12:24] } 17... dxc4 { [%eval 0.82] [%clk 0:47:09] } 18. dxc4 { [%eval 0.82] [%clk 1:12:33] } 18... Nd4 { [%eval 0.72] [%clk 0:47:21] } 19. Nxd4 { [%eval 0.8] [%clk 1:12:49] } 19... cxd4 { [%eval 0.72] [%clk 0:47:33] } 20. Bxb7 { [%eval 0.46] [%clk 1:05:08] } 20... Qxb7 { [%eval 0.43] [%clk 0:48:02] } 21. cxb5 { [%eval 0.5] [%clk 1:02:46] } 21... axb5 { [%eval 0.42] [%clk 0:48:24] } 22. Rd1 { [%eval 0.51] [%clk 0:53:25] } 22... Ra7? { [%eval 1.8] } { Mistake. Qd5 was best. } { [%clk 0:26:36] } (22... Qd5 23. Qd3 g5 24. a3 Nd7 25. Qxd4 Qf3 26. Be3 Nf6 27. Nxf6+ Bxf6 28. exf6 Rxd4 29. Rxd4) 23. Bf4? { [%eval 0.65] } { Mistake. b3 was best. } { [%clk 0:51:56] } (23. b3) 23... Rd5 { [%eval 0.7] [%clk 0:24:25] } 24. Qd2 { [%eval 0.29] [%clk 0:44:01] } 24... Nd7 { [%eval 0.44] [%clk 0:24:11] } 25. Bg5 { [%eval -0.02] [%clk 0:43:53] } 25... Bf8 { [%eval 0.0] [%clk 0:12:34] } 26. Qf4 { [%eval -0.18] [%clk 0:36:09] } 26... Qb6?! { [%eval 0.58] } { Inaccuracy. f5 was best. } { [%clk 0:12:16] } (26... f5 27. exf6 Rf5 28. f7+ Kxf7 29. Rxd4 Rxf4 30. Rxd7+ Qxd7 31. Ne5+ Ke8 32. Nxd7 Rf5 33. Nf6+) 27. Bf6?! { [%eval 0.0] } { Inaccuracy. Rac1 was best. } { [%clk 0:30:46] } (27. Rac1 f5) 27... d3 { [%eval 0.08] [%clk 0:09:58] } 28. Qf3?! { [%eval -0.63] } { Inaccuracy. b3 was best. } { [%clk 0:22:48] } (28. b3 Rd4) 28... Qd4 { [%eval -0.82] [%clk 0:07:02] } 29. Rac1?! { [%eval -1.53] } { Inaccuracy. b3 was best. } { [%clk 0:19:09] } (29. b3 d2) 29... Ra4 { [%eval -1.37] [%clk 0:05:10] } 30. Ne3 { [%eval -1.78] [%clk 0:19:18] } 30... Rc5 { [%eval -1.82] [%clk 0:03:37] } 31. Rxc5 { [%eval -1.66] [%clk 0:14:51] } 31... Nxc5 { [%eval -1.64] [%clk 0:04:06] } 32. Qc6 { [%eval -1.46] [%clk 0:04:18] } 32... Rxa2?? { [%eval 0.7] } { Blunder. Qxb2 was best. } { [%clk 0:03:56] } (32... Qxb2) 33. Qc8 { [%eval 0.33] [%clk 0:03:59] } 33... Rxb2?? { [%eval 4.54] } { Blunder. Ra7 was best. } { [%clk 0:00:35] } (33... Ra7 34. Bg7) 34. Be7 { [%eval 4.55] [%clk 0:03:28] } 34... Nd7 { [%eval 4.42] [%clk 0:01:03] } 35. Bd6?? { [%eval 0.0] } { Blunder. Qd8 was best. } { [%clk 0:02:40] } (35. Qd8 Rxf2 36. Bxf8 Qb6 37. Qxb6 Nxb6 38. Kxf2 Kxf8 39. Ke1 f5 40. exf6 Nc4 41. Nxc4 bxc4) 35... Qa7?? { [%eval 5.25] } { Blunder. Re2 was best. } { [%clk 0:00:34] } (35... Re2 36. Qxd7 Rxe3 37. Qd8 Rxg3+ 38. Kf1 Rg1+ 39. Kxg1 Qg4+ 40. Kh2 Qf4+ 41. Kg2 Qg4+) 36. Bxf8 { [%eval 4.98] [%clk 0:01:41] } 36... Nxf8 { [%eval 4.84] [%clk 0:01:03] } 37. Ng4 { [%eval 4.91] [%clk 0:01:51] } 37... Qe7 { [%eval 5.93] [%clk 0:00:32] } 38. Nf6+ { [%eval 5.5] [%clk 0:02:16] } 38... Kh8?? { [%eval #10] } { Checkmate is now unavoidable. Qxf6 was best. } { [%clk 0:00:44] } (38... Qxf6 39. exf6 Rb3 40. Qc7 Ra3 41. Kf1 b4 42. Qc4 Ra8 43. Qxd3 Rb8 44. Qd6 Re8 45. Qxb4) 39. Rxd3 { [%eval #9] [%clk 0:02:10] } 39... Qb4 { [%eval #9] [%clk 0:01:09] } 40. Kg2 { [%eval #8] [%clk 0:01:50] } 40... Ra2?? { [%eval #6] } { Checkmate is now unavoidable. Rxf2+ was best. } { [%clk 0:00:33] } (40... Rxf2+ 41. Kxf2 g5 42. Rd8 Qb2+ 43. Kf1 Qa1+ 44. Kg2 Qb2+ 45. Kh3 g4+ 46. Nxg4 Qa3 47. Rxf8+) 41. Rd8 { [%eval #5] [%clk 0:28:55] } 41... Rxf2+ { [%eval #5] [%clk 0:30:59] } 42. Kh3 { [%eval #4] [%clk 0:28:38] } 1-0

[Event "37th Reykjavik op"]
[Site "Reykjavik ISL"]
[Date "2024.03.18"]
[Round "6.8"]
[White "Wadsworth, Matthew"]
[Black "Maze, Sebastien"]
[WhiteElo "2450"]
[BlackElo "2551"]
[Result "0-1"]
[EventDate "2024.03.15"]
[PlyCount "93"]

1. e4 { [%eval 0.13] [%clk 1:21:47] } 1... e5 { [%eval 0.17] [%clk 1:30:55] } 2. Nf3 { [%eval 0.21] [%clk 1:22:02] } 2... Nc6 { [%eval 0.13] [%clk 1:31:21] } 3. Bb5 { [%eval 0.21] [%clk 1:22:21] } 3... a6 { [%eval 0.2] [%clk 1:31:46] } 4. Ba4 { [%eval 0.31] [%clk 1:22:44] } 4... Nf6 { [%eval 0.14] [%clk 1:31:52] } 5. O-O { [%eval 0.24] [%clk 1:22:21] } 5... b5 { [%eval 0.37] [%clk 1:31:23] } 6. Bb3 { [%eval 0.27] [%clk 1:22:42] } 6... Bb7 { [%eval 0.34] [%clk 1:31:47] } 7. Re1 { [%eval 0.38] [%clk 1:22:35] } 7... Bc5 { [%eval 0.56] [%clk 1:30:58] } 8. c3 { [%eval 0.43] [%clk 1:22:42] } 8... d6 { [%eval 0.41] [%clk 1:28:46] } 9. d4 { [%eval 0.41] [%clk 1:22:33] } 9... Bb6 { [%eval 0.37] [%clk 1:29:15] } 10. a4 { [%eval 0.46] [%clk 1:22:46] } 10... O-O { [%eval 0.6] [%clk 1:21:50] } 11. Bg5 { [%eval 0.58] [%clk 1:21:32] } 11... h6 { [%eval 0.54] [%clk 1:21:24] } 12. Bh4 { [%eval 0.42] [%clk 1:21:54] } 12... Qe7 { [%eval 0.71] [%clk 1:13:15] } 13. d5 { [%eval 0.41] [%clk 0:54:01] } 13... Na5 { [%eval 0.38] [%clk 1:08:09] } 14. Bxf6 { [%eval 0.13] [%clk 0:54:09] } 14... Qxf6 { [%eval 0.09] [%clk 1:08:19] } 15. Ba2 { [%eval -0.04] [%clk 0:54:32] } 15... g5 { [%eval 0.37] [%clk 0:45:51] } 16. b4 { [%eval -0.06] [%clk 0:38:20] } 16... Nc4 { [%eval -0.24] [%clk 0:45:32] } 17. Bxc4 { [%eval -0.18] [%clk 0:38:39] } 17... bxc4 { [%eval -0.03] [%clk 0:45:59] } 18. a5?! { [%eval -1.11] } { Inaccuracy. Re2 was best. } { [%clk 0:36:04] } (18. Re2 Qg6) 18... Ba7 { [%eval -1.05] [%clk 0:45:37] } 19. Qe2 { [%eval -1.11] [%clk 0:36:15] } 19... c6? { [%eval 0.35] } { Mistake. Qg7 was best. } { [%clk 0:42:53] } (19... Qg7) 20. dxc6 { [%eval 0.12] [%clk 0:34:47] } 20... Bxc6 { [%eval 0.1] [%clk 0:43:19] } 21. Na3 { [%eval 0.18] [%clk 0:34:31] } 21... Rac8 { [%eval 0.2] [%clk 0:41:35] } 22. Nd2 { [%eval 0.13] [%clk 0:30:51] } 22... Rfd8 { [%eval 0.15] [%clk 0:06:12] } 23. Ndxc4 { [%eval 0.0] [%clk 0:28:00] } 23... Bxe4 { [%eval 0.03] [%clk 0:06:38] } 24. Nb6 { [%eval 0.0] [%clk 0:18:17] } 24... Bxb6 { [%eval 0.0] [%clk 0:07:02] } 25. axb6 { [%eval 0.02] [%clk 0:18:45] } 25... Bb7 { [%eval 0.23] [%clk 0:07:24] } 26. Nc4 { [%eval 0.24] [%clk 0:17:44] } 26... d5?! { [%eval 0.9] } { Inaccuracy. Rc6 was best. } { [%clk 0:07:47] } (26... Rc6) 27. Na5 { [%eval 0.89] [%clk 0:16:05] } 27... Qxb6 { [%eval 1.28] [%clk 0:07:13] } 28. Qxe5? { [%eval 0.02] } { Mistake. Nxb7 was best. } { [%clk 0:16:28] } (28. Nxb7 Qxb7 29. Rxa6 Rc6 30. Rxc6 Qxc6 31. Qxe5 d4 32. cxd4 Qc3 33. b5 Rd5 34. Qe8+ Kg7) 28... d4 { [%eval 0.03] [%clk 0:01:20] } 29. cxd4 { [%eval -0.02] [%clk 0:15:32] } 29... Bd5 { [%eval 0.0] [%clk 0:01:24] } 30. Rab1 { [%eval 0.0] [%clk 0:15:33] } 30... Ba2 { [%eval 0.0] [%clk 0:00:40] } 31. Ra1 { [%eval -0.02] [%clk 0:13:08] } 31... Be6 { [%eval 0.05] [%clk 0:00:57] } 32. Qf6 { [%eval 0.05] [%clk 0:13:15] } 32... Kh7 { [%eval 0.12] [%clk 0:00:34] } 33. Rad1 { [%eval 0.0] [%clk 0:13:02] } 33... Rd5 { [%eval -0.12] [%clk 0:00:55] } 34. h3 { [%eval -0.58] [%clk 0:08:59] } 34... Qxb4?? { [%eval 3.91] } { Blunder. Rf5 was best. } { [%clk 0:00:50] } (34... Rf5 35. Qe7) 35. Rxe6 { [%eval 3.82] [%clk 0:08:53] } 35... fxe6 { [%eval 3.78] [%clk 0:01:15] } 36. Qf7+ { [%eval 3.78] [%clk 0:09:12] } 36... Kh8 { [%eval 3.7] [%clk 0:01:40] } 37. Qxe6 { [%eval 3.58] [%clk 0:09:17] } 37... Rcd8?! { [%eval 4.96] } { Inaccuracy. Qxa5 was best. } { [%clk 0:00:34] } (37... Qxa5 38. Qxc8+ Qd8 39. Qxa6 Rd6 40. Qb7 Qd7 41. Qf3 Qe7 42. d5 Kg7 43. Qc3+ Qf6 44. Qe3) 38. Qxh6+ { [%eval 4.89] [%clk 0:09:28] } 38... Kg8 { [%eval 4.83] [%clk 0:01:03] } 39. Qg6+ { [%eval 4.75] [%clk 0:08:45] } 39... Kh8 { [%eval 4.73] [%clk 0:00:58] } 40. Nc6 { [%eval 4.8] [%clk 0:07:58] } 40... Qd6 { [%eval 4.75] [%clk 0:00:35] } 41. Qh5+ { [%eval 4.68] [%clk 0:08:18] } 41... Kg7 { [%eval 4.53] [%clk 0:01:03] } 42. Nxd8 { [%eval 4.53] [%clk 0:08:21] } 42... Qxd8 { [%eval 4.38] [%clk 0:01:29] } 43. Qe2 { [%eval 3.76] [%clk 0:06:34] } 43... a5 { [%eval 4.35] [%clk 0:01:40] } 44. Qa6 { [%eval 3.55] [%clk 0:02:36] } 44... Qc7 { [%eval 3.68] [%clk 0:01:25] } 45. Qe6 { [%eval 3.33] [%clk 0:01:28] } 45... Rd7?! { [%eval 4.47] } { Inaccuracy. Qd6 was best. } { [%clk 0:29:30] } (45... Qd6 46. Qc8 Qd7 47. Qc3 Kh6 48. Re1 Rxd4 49. Qxa5 Rd1 50. Qb6+ Qd6 51. Qxd6+ Rxd6 52. Kh2) 46. d5 { [%eval 4.55] [%clk 0:30:11] } 46... Rf7 { [%eval 4.52] [%clk 0:29:52] } 47. Qe3 { [%eval 4.2] [%clk 0:28:13] } 0-1

[Event "37th Reykjavik op"]
[Site "Reykjavik ISL"]
[Date "2024.03.18"]
[Round "6.9"]
[White "Adhiban, B.."]
[Black "Large, Peter G"]
[WhiteElo "2541"]
[BlackElo "2262"]
[Result "1-0"]
[EventDate "2024.03.15"]
[PlyCount "110"]

1. d4 { [%eval 0.15] [%clk 1:30:21] } 1... Nf6 { [%eval 0.16] [%clk 1:29:20] } 2. c4 { [%eval 0.16] [%clk 1:30:35] } 2... g6 { [%eval 0.37] [%clk 1:29:29] } 3. Nf3 { [%eval 0.3] [%clk 1:30:48] } 3... Bg7 { [%eval 0.13] [%clk 1:29:55] } 4. g3 { [%eval 0.0] [%clk 1:31:08] } 4... d6 { [%eval 0.45] [%clk 1:29:57] } 5. Bg2 { [%eval 0.29] [%clk 1:31:06] } 5... O-O { [%eval 0.43] [%clk 1:30:21] } 6. Nc3 { [%eval 0.27] [%clk 1:31:15] } 6... Nbd7 { [%eval 0.62] [%clk 1:30:44] } 7. O-O { [%eval 0.46] [%clk 1:31:20] } 7... e5 { [%eval 0.71] [%clk 1:31:01] } 8. e4 { [%eval 0.6] [%clk 1:31:11] } 8... Re8 { [%eval 0.62] [%clk 1:29:45] } 9. Re1 { [%eval 0.55] [%clk 1:28:56] } 9... a6 { [%eval 0.65] [%clk 1:29:59] } 10. b3 { [%eval 0.64] [%clk 1:27:08] } 10... Rb8 { [%eval 0.97] [%clk 1:30:04] } 11. d5 { [%eval 0.99] [%clk 1:24:29] } 11... a5 { [%eval 0.98] [%clk 1:30:05] } 12. a3 { [%eval 0.94] [%clk 1:23:26] } 12... Ra8 { [%eval 0.97] [%clk 1:30:28] } 13. Rb1 { [%eval 1.0] [%clk 1:22:19] } 13... Nb6 { [%eval 1.12] [%clk 1:20:58] } 14. Bf1 { [%eval 1.1] [%clk 1:17:26] } 14... Bd7 { [%eval 1.22] [%clk 1:21:14] } 15. h3 { [%eval 1.23] [%clk 1:15:57] } 15... Qe7 { [%eval 1.22] [%clk 1:11:29] } 16. Be3 { [%eval 1.23] [%clk 1:08:52] } 16... Rec8 { [%eval 1.09] [%clk 1:10:16] } 17. Nd2 { [%eval 1.05] [%clk 1:00:23] } 17... Qf8 { [%eval 1.29] [%clk 1:08:29] } 18. b4 { [%eval 0.92] [%clk 0:52:19] } 18... axb4 { [%eval 0.71] [%clk 1:08:27] } 19. axb4 { [%eval 0.87] [%clk 0:52:42] } 19... Bh6 { [%eval 0.99] [%clk 1:06:33] } 20. Qf3 { [%eval 0.66] [%clk 0:48:15] } 20... Bxe3 { [%eval 0.69] [%clk 1:05:26] } 21. Rxe3 { [%eval 0.27] [%clk 0:46:16] } 21... Ne8 { [%eval 0.43] [%clk 1:03:46] } 22. Nb3 { [%eval 0.17] [%clk 0:42:48] } 22... Na4 { [%eval 0.39] [%clk 1:01:09] } 23. c5 { [%eval -0.03] [%clk 0:36:43] } 23... Ng7?! { [%eval 0.59] } { Inaccuracy. dxc5 was best. } { [%clk 0:55:15] } (23... dxc5 24. Nxa4 Bxa4 25. Nxc5 b6 26. Nxa4 Rxa4 27. Bb5 Rxb4 28. Rxb4 Qxb4 29. Bxe8 Rxe8 30. Rc3) 24. cxd6?! { [%eval -0.03] } { Inaccuracy. Rc1 was best. } { [%clk 0:33:28] } (24. Rc1 Nxc3) 24... cxd6 { [%eval -0.01] [%clk 0:54:09] } 25. Nxa4 { [%eval -0.12] [%clk 0:32:14] } 25... Bxa4 { [%eval 0.0] [%clk 0:46:48] } 26. Na5 { [%eval -0.32] [%clk 0:32:09] } 26... f5 { [%eval -0.4] [%clk 0:46:48] } 27. Bd3 { [%eval -0.6] [%clk 0:22:03] } 27... Rc7 { [%eval -0.71] [%clk 0:43:23] } 28. Ree1 { [%eval -0.95] [%clk 0:15:43] } 28... Rf7 { [%eval -0.82] [%clk 0:37:39] } 29. Nc4 { [%eval -1.02] [%clk 0:13:51] } 29... fxe4 { [%eval -1.07] [%clk 0:37:26] } 30. Qxe4 { [%eval -1.09] [%clk 0:14:05] } 30... Bd7 { [%eval -1.08] [%clk 0:37:48] } 31. Ra1 { [%eval -1.05] [%clk 0:11:39] } 31... Rxa1 { [%eval -1.08] [%clk 0:22:50] } 32. Rxa1 { [%eval -0.83] [%clk 0:12:07] } 32... Bf5?! { [%eval 0.0] } { Inaccuracy. Rxf2 was best. } { [%clk 0:23:07] } (32... Rxf2) 33. Qe3 { [%eval 0.0] [%clk 0:10:38] } 33... Bxd3 { [%eval 0.0] [%clk 0:23:32] } 34. Qxd3 { [%eval 0.0] [%clk 0:10:55] } 34... Rxf2 { [%eval 0.0] [%clk 0:23:47] } 35. Rf1? { [%eval -1.5] } { Mistake. Nxd6 was best. } { [%clk 0:09:50] } (35. Nxd6 Rf3 36. Qxf3 Qxf3 37. Ra8+ Ne8 38. Rxe8+ Kg7 39. Re7+ Kf8 40. Re8+) 35... Rxf1+ { [%eval -1.49] [%clk 0:23:39] } 36. Qxf1 { [%eval -1.43] [%clk 0:10:19] } 36... Qd8 { [%eval -1.57] [%clk 0:18:18] } 37. g4 { [%eval -1.44] [%clk 0:09:09] } 37... Ne8 { [%eval -1.73] [%clk 0:18:16] } 38. Qf2 { [%eval -1.95] [%clk 0:08:46] } 38... Qc7 { [%eval -1.91] [%clk 0:14:54] } 39. Nd2?! { [%eval -2.98] } { Inaccuracy. Qf1 was best. } { [%clk 0:07:34] } (39. Qf1 b5 40. Na5 Kg7 41. g5 Qe7 42. Qc1 Qa7+ 43. Kg2 Qd7 44. Qc6 Qxc6 45. dxc6 Kf8) 39... Qc2 { [%eval -2.89] [%clk 0:10:52] } 40. g5 { [%eval -3.12] [%clk 0:03:13] } 40... Qd3 { [%eval -3.14] [%clk 0:10:33] } 41. h4 { [%eval -3.41] [%clk 0:02:04] } 41... Qxd5 { [%eval -3.31] [%clk 0:10:14] } 42. Qe3 { [%eval -3.71] [%clk 0:01:15] } 42... Kf7 { [%eval -3.66] [%clk 0:05:39] } 43. Ne4 { [%eval -4.3] [%clk 0:30:02] } 43... Qd4 { [%eval -4.32] [%clk 0:35:40] } 44. Qxd4 { [%eval -4.17] [%clk 0:30:14] } 44... exd4 { [%eval -4.21] [%clk 0:36:08] } 45. Kf2 { [%eval -4.11] [%clk 0:30:14] } 45... Ke6 { [%eval -4.35] [%clk 0:35:40] } 46. Ke2 { [%eval -4.41] [%clk 0:30:25] } 46... Kd5 { [%eval -4.43] } 47. Kd3 { [%eval -4.46] [%clk 0:30:22] } 47... b5 { [%eval -4.19] [%clk 0:34:07] } 48. Nf2 { [%eval -5.02] [%clk 0:29:20] } 48... Ng7 { [%eval -5.12] [%clk 0:34:26] } 49. Ng4 { [%eval -5.03] [%clk 0:29:18] } 49... Nh5 { [%eval -4.91] [%clk 0:34:43] } 50. Kd2 { [%eval -5.04] [%clk 0:29:26] } 50... Kc4 { [%eval -5.23] [%clk 0:27:43] } 51. Nf6 { [%eval -5.27] [%clk 0:29:45] } 51... Ng3 { [%eval -5.18] [%clk 0:27:43] } 52. Nxh7 { [%eval -5.1] [%clk 0:29:31] } 52... Nf5 { [%eval -4.96] [%clk 0:28:11] } 53. Nf8 { [%eval -6.14] [%clk 0:26:51] } 53... Nxh4 { [%eval -6.05] [%clk 0:28:36] } 54. Ne6 { [%eval -6.26] [%clk 0:27:13] } 54... Nf3+ { [%eval -5.93] [%clk 0:28:26] } 55. Ke2 { [%eval -5.8] [%clk 0:27:37] } 55... Ne5 { [%clk 0:28:37] } 1-0